The ornament of histories (Record no. 125319)
[ view plain ]
| 000 -LEADER | |
|---|---|
| fixed length control field | 01609nam a2200361 a 4500 |
| 245 04 - TITLE STATEMENT | |
| Title | The ornament of histories |
| 260 ## - PUBLICATION, DISTRIBUTION, ETC. (IMPRINT) | |
| Place of publication | London : |
| Name of publisher | I.B. Tauris, |
| Year of publication | 2011. |
| 300 ## - PHYSICAL DESCRIPTION | |
| Number of Pages | xii, 169 p. |
| 490 1# - SERIES STATEMENT | |
| Series statement | I.B. Tauris & BIPS Persian studies series ; |
| 505 0# - FORMATTED CONTENTS NOTE | |
| Formatted contents note | pt. 1. The Arab governors -- pt. 2. The Tahirids and Saffarids -- pt. 3. The Samanids -- pt. 4. The early Ghaznavids. |
| 650 #0 - SUBJECT ADDED ENTRY--TOPICAL TERM | |
| Topical Term | Ghaznevids |
| 700 1# - ADDED ENTRY--PERSONAL NAME | |
| Personal name | Bosworth, C. Edmund. |
| 856 40 - ELECTRONIC LOCATION AND ACCESS | |
| Uniform Resource Identifier | http://site.ebrary.com/lib/rucke/Doc?id=10486792 |
No items available.
